Europäische Geschichte nach Buchstabe - E - Statistiken

Allgemein
  • Dieses Quiz wurde 58 mal gespielt
  • Das Durchschnittsergebnis liegt bei 12 aus 20
Antwortstatistiken
Hinweis Antwort % Korrekt
Verheerender Krieg zwischen 1914 und 1918 Erster Weltkrieg
100%
Diese Attraktion für die Weltausstellung 1889 in Paris war das damals höchste Gebäude der Welt Eiffelturm
96%
Bezeichnung für Kälteperiode in der Frühen Neuzeit: Kleine... Eiszeit
96%
Dieser Ostseestaat wurde 1991 in der "Singenden Revolution" unabhängig von der Sowjetunion Estland
92%
Bezeichnung für die Grenze zwischen NATO-Staaten und Staaten des Warschauer Paktes im Kalten Krieg Eiserner Vorhang
88%
Die Könige dieses Landes versuchten im 100-Jährigen Krieg König von Frankreich zu werden England
87%
Bezeichnung für die Geschichtliche Periode zwischen Bronzezeit und Antike Eisenzeit
73%
Spitzname für Reichseiniger Otto von Bismarck Eiserner Kanzler
73%
Antike prä-Römische Zivilisation in der heutigen Toskana Etrusker
65%
Deutsche Kodiermaschine im Zweiten Weltkrieg, welche durch Mithilfe von Alan Turin entschlüsselt werden konnte Enigma
63%
Reformator Martin Luther wurde in dieser Stadt geboren und starb dort Eisleben
60%
Königin dieses Landes, unter der die Spanische Armada besiegt und ein Kolonialreich aufgebaut werden konnte Elisabeth I
58%
Richtung der Modernen Kunst des frühen 20. Jahrhunderts (Franz Marc, Wassily Kandinsky, Arnold Schönberg, Alexander Skrjabin) Expressionismus
58%
Diesen Titel verliehen sich die Herrscher von Österreich Erzherzog
52%
Dieser hochmittelalterliche König versuchte Schottland zu erobern und war der Schurke im Film Braveheart Edward Longshanks
50%
Allianz dieses Krieges zwischen Frankreich, Russland, Großbritannien und weiteren Staaten Entente
42%
1957 gegründetes Bündnis westeuropäischer Staaten, aus der letztlich die EU hervorging EWG
31%
Freundschaftsvertrag zwischen Deutschland und Frankreich, welcher von Konrad Adenauer und Charles De Gaulle verabschiedet wurde Elysee-Vertrag
27%
Materialistische Antike Philosophieschule, nach der das Leben auf Schmerzlosigkeit und Inneren Frieden ausgelegt werden soll Epikureismus
10%
Philosophische Denkschule des 16. bis 18. Jahrhunderts, nach der alles Wissen aus Sinneserfahrungen hervorgeht Empirismus
4%
Keine übereinstimmenden Quizze gefunden
Verteilung der Resultate
Anzahl Personen mit jedem Resultat
Perzentil nach korrekt beantworteten Fragen
Ihre Resultats-Entwicklung
Sie haben dieses Quiz noch nicht gespielt